=LDR 00000nam 2200000 4500 =001 INLIS000000000050690 =005 20170515110404 =035 ##$$a 0010-0517000343 =007 ta =008 170515###########################0###### =020 ##$$a 978 - 602 - 19990 - 8 - 0 =082 ##$$a 895.6 =084 ##$$a 895.6 KAW s =100 #$$a Kawaii, Harumi =245 1#$$a Sakura wish /$c Harumi Kawaii =250 ##$$a Cet.1 =260 ##$$a Jakarta :$b Zettu,$c 2014 =300 ##$$a iv, 185 hlm ; $c 19 cm. =600 ##$$a NOVEL =990 ##$$a 31701476 =990 ##$$a 31701475